[Event "Netanya Open 2019"]
[Site "Netanya ISR"]
[Date "2019.06.26"]
[Round "4.11"]
[White "Kantsler, Boris"]
[Black "Zoler, Dan"]
[Result "1/2-1/2"]
[WhiteTitle "GM"]
[BlackTitle "GM"]
[WhiteElo "2420"]
[BlackElo "2499"]
[WhiteFideId "2805359"]
[BlackFideId "2800705"]
[EventDate "2019.06.23"]

1. d4 d5 2. c4 c6 3. Nf3 Nf6 4. e3 Bf5 5. Nc3 e6 6. Bd3 Bxd3 7. Qxd3 Be7 8. O-O
O-O 9. e4 dxe4 10. Nxe4 Nbd7 11. Bf4 Nxe4 12. Qxe4 Nf6 13. Qe2 Qa5 14. Rfd1 1/2-1/2

[Event "Netanya Open 2019"]
[Site "Netanya ISR"]
[Date "2019.06.26"]
[Round "4.13"]
[White "Aharon, Ofir"]
[Black "Korobov, Anton"]
[Result "0-1"]
[WhiteTitle "FM"]
[BlackTitle "GM"]
[WhiteElo "2302"]
[BlackElo "2687"]
[WhiteFideId "2800683"]
[BlackFideId "14105730"]
[EventDate "2019.06.23"]

1. e4 c5 2. Nf3 Nc6 3. d4 cxd4 4. Nxd4 Qb6 5. Nb3 Nf6 6. Bd3 e6 7. Be3 Qc7 8. f4
a6 9. N1d2 d6 10. Qf3 Be7 11. g4 b5 12. g5 Nd7 13. h4 Bb7 14. c3 Nc5 15. Nxc5
dxc5 16. Bc2 Rd8 17. h5 Nd4 18. Qd1 e5 19. cxd4 exd4 20. Qf3 dxe3 21. Qxe3 c4
22. h6 g6 23. Qc3 Kd7 24. Qh3+ Kc6 25. Rf1 Kb6 26. O-O-O Rd4 27. Nb1 Rxd1+ 28.
Bxd1 b4 29. Nd2 Ka7 30. Qe3+ Bc5 31. Qe2 c3 32. Nc4 Rd8 33. Bc2 a5 34. b3 Ba6
35. Bd3 Bxc4 36. bxc4 a4 37. Qc2 Qa5 38. f5 b3 0-1

[Event "Netanya Open 2019"]
[Site "Netanya ISR"]
[Date "2019.06.26"]
[Round "4.14"]
[White "Parligras, Mircea-Emilian"]
[Black "Tzidkiya, Yeshaayahu"]
[Result "1-0"]
[WhiteTitle "GM"]
[WhiteElo "2638"]
[BlackElo "2265"]
[WhiteFideId "1204297"]
[BlackFideId "2824493"]
[EventDate "2019.06.23"]

1. d4 Nf6 2. c4 g6 3. Nc3 Bg7 4. e4 O-O 5. Be3 d6 6. h3 c5 7. Nf3 Qa5 8. Bd3 Nc6
9. O-O Nd7 10. Be2 e5 11. dxc5 dxc5 12. Nd5 Re8 13. a3 Qd8 14. b4 b6 15. Rb1 Nd4
16. Nxd4 cxd4 17. Bd2 Bb7 18. Qb3 Bc6 19. Rfc1 Rb8 20. Bg4 Nf6 21. Bg5 h6 22.
Bxf6 Bxf6 23. a4 Bg5 24. Rc2 Qd6 25. b5 Bb7 26. a5 h5 27. Be2 Rbc8 28. Ra1 Rc5
29. axb6 axb6 30. Ra7 Bxd5 31. cxd5 Rec8 32. Rxc5 Rxc5 33. g3 Rc3 34. Qb2 Qc5
35. d6 Qxd6 36. h4 Be7 37. Bd1 Qc5 38. Bb3 Kg7 39. Ba2 Kh6 40. Rd7 Rc2 41. Qb3
d3 42. Qxf7 d2 43. Kg2 Qe3 44. Rd8 Qxe4+ 45. Kh2 1-0

[Event "Netanya Open 2019"]
[Site "Netanya ISR"]
[Date "2019.06.26"]
[Round "4.18"]
[White "Rechlis, Gad"]
[Black "Streltsov, Alexey"]
[Result "1-0"]
[WhiteTitle "GM"]
[WhiteElo "2506"]
[BlackElo "2177"]
[WhiteFideId "2800047"]
[BlackFideId "24104434"]
[EventDate "2019.06.23"]

1. e4 c5 2. Nf3 e6 3. d4 cxd4 4. Nxd4 a6 5. Nc3 b5 6. Be2 Bb7 7. O-O b4 8. Nd5
exd5 9. exd5 Bd6 10. Nf5 Qf6 11. Bd3 Bxd5 12. Be4 Bxh2+ 13. Kxh2 Bxe4 14. Nd6+
Kf8 15. Re1 Qh4+ 16. Kg1 Nf6 17. Qd4 Nc6 18. Qc4 Ne5 19. Qc5 Kg8 20. Qxe5 Ng4
21. Qf4 Bd5 22. Nf5 Qxf2+ 23. Qxf2 Nxf2 24. Ne7+ 1-0

[Event "Netanya Open 2019"]
[Site "Netanya ISR"]
[Date "2019.06.26"]
[Round "4.56"]
[White "Sobel, Alon"]
[Black "Iliaguev, Daniel"]
[Result "1-0"]
[WhiteElo "1714"]
[BlackElo "1993"]
[WhiteFideId "2816946"]
[BlackFideId "2818434"]
[EventDate "2019.06.23"]

1. d4 Nf6 2. c4 e6 3. Nc3 Bb4 4. Qc2 d5 5. cxd5 Qxd5 6. Nf3 Qf5 7. Qxf5 exf5 8.
Bd2 c6 9. e3 O-O 10. Bd3 Re8 11. O-O g6 12. Rac1 Bd6 13. Rfd1 Nbd7 14. a3 Ne4
15. Be1 Ndf6 16. Bc4 Nxc3 17. Rxc3 Be6 18. Bxe6 Rxe6 19. Rb3 Re7 20. Nd2 f4 21.
e4 Nxe4 22. Nxe4 Rxe4 23. Rxb7 Rae8 24. Bc3 f3 25. g3 c5 26. dxc5 Bxc5 27. Rbd7
Re2 28. Rf1 g5 29. Rd5 Be7 30. Rf5 g4 31. h3 gxh3 32. Rxf3 Bc5 33. Rf5 Rc8 34.
Rg5+ Kf8 35. Rxc5 Rxc5 36. Bb4 Rc2 37. Kh2 a5 38. Bxc5+ Rxc5 39. b4 axb4 40.
axb4 Rc2 41. Rb1 Rxf2+ 42. Kxh3 Rf6 43. Kg4 Ke7 44. Rb3 Rb6 45. Kf5 Rb5+ 46. Ke4
Kf6 47. Kd4 Kg5 48. Kc4 Rb8 49. b5 f5 50. Kc5 h5 51. Rb4 Rc8+ 52. Kd6 Rb8 53.
Kc6 Rc8+ 54. Kd6 Rb8 55. b6 f4 56. gxf4+ Kf5 57. Kc7 Rh8 58. b7 Rh7+ 59. Kc6 Rh8
60. Ra4 Rb8 61. Ra8 Rxb7 62. Rf8+ 1-0

[Event "Netanya Open 2019"]
[Site "Netanya ISR"]
[Date "2019.06.27"]
[Round "5.1"]
[White "Efimenko, Zahar"]
[Black "Svetushkin, Dmitry"]
[Result "1/2-1/2"]
[WhiteTitle "GM"]
[BlackTitle "GM"]
[WhiteElo "2632"]
[BlackElo "2532"]
[WhiteFideId "14107201"]
[BlackFideId "13900463"]
[EventDate "2019.06.23"]

1. e4 e5 2. Nf3 Nc6 3. Bb5 a6 4. Ba4 Nf6 5. O-O Be7 6. d3 b5 7. Bb3 O-O 8. Nbd2
d6 9. a3 Bb7 10. Re1 Qd7 11. c3 Rfe8 12. d4 Bf8 13. h3 Rad8 14. Bc2 d5 15. exd5
Nxd5 16. dxe5 Nf4 17. Re4 Nd3 18. Qe2 Ncxe5 19. Nxe5 Nxc1 20. Qh5 Rxe5 21. Rxe5
g6 22. Qd1 Nd3 23. Ne4 Bg7 24. Bxd3 Bxe5 1/2-1/2

[Event "Netanya Open 2019"]
[Site "Netanya ISR"]
[Date "2019.06.27"]
[Round "5.4"]
[White "Korobov, Anton"]
[Black "Bar, Roman"]
[Result "1/2-1/2"]
[WhiteTitle "GM"]
[BlackTitle "IM"]
[WhiteElo "2687"]
[BlackElo "2497"]
[WhiteFideId "14105730"]
[BlackFideId "2803879"]
[EventDate "2019.06.23"]

1. d4 Nf6 2. Nf3 e6 3. Bg5 c5 4. e3 Be7 5. c3 b6 6. Bd3 Bb7 7. O-O O-O 8. Qe2
Nd5 9. Bxe7 Qxe7 10. a3 cxd4 11. cxd4 d6 12. Rc1 Nd7 13. Nc3 N7f6 14. Nxd5 Nxd5
15. Rc2 Rfc8 16. Rac1 h6 17. Bc4 Qd7 18. h3 Ne7 19. Nd2 Qd8 20. Rc3 Nd5 21. R3c2
Ne7 22. Rc3 Nd5 23. R3c2 Ne7 1/2-1/2

[Event "Netanya Open 2019"]
[Site "Netanya ISR"]
[Date "2019.06.27"]
[Round "5.5"]
[White "Zoler, Dan"]
[Black "Kuzubov, Yuriy"]
[Result "1/2-1/2"]
[WhiteTitle "GM"]
[BlackTitle "GM"]
[WhiteElo "2499"]
[BlackElo "2671"]
[WhiteFideId "2800705"]
[BlackFideId "14112906"]
[EventDate "2019.06.23"]

1. d4 Nf6 2. c4 e6 3. Nf3 d5 4. Nc3 Nbd7 5. g3 Bb4 6. Bg2 O-O 7. Qb3 a5 8. a3
Bxc3+ 9. Qxc3 b6 10. O-O Ba6 11. Ne5 c5 12. Nxd7 Qxd7 13. dxc5 Bxc4 14. cxb6
Bxe2 15. Re1 Rfc8 16. Qd4 Bb5 17. Bf4 Rc4 18. Qd2 Qb7 19. Bc7 a4 20. Rab1 Ne8
21. b3 Rc6 22. bxa4 Bxa4 23. Qe3 Nxc7 24. bxc7 Qc8 25. Bxd5 exd5 26. Rb8 Rxc7
27. Rxc8+ Rcxc8 28. Qd3 Bc2 29. Qxd5 Rxa3 30. Qd7 Raa8 31. h4 h5 32. Qd5 Bg6 33.
Qg5 Ra4 34. Qb5 Raa8 35. Kg2 Rab8 36. Qg5 Rb4 37. Re7 Rbc4 38. Qe3 Kh7 39. Qa7
Rc2 40. Qd7 R8c5 41. Qa7 1/2-1/2

[Event "Netanya Open 2019"]
[Site "Netanya ISR"]
[Date "2019.06.27"]
[Round "5.6"]
[White "Flom, Gabriel"]
[Black "Parligras, Mircea-Emilian"]
[Result "1/2-1/2"]
[WhiteTitle "IM"]
[BlackTitle "GM"]
[WhiteElo "2480"]
[BlackElo "2638"]
[WhiteFideId "621650"]
[BlackFideId "1204297"]
[EventDate "2019.06.23"]

1. d4 Nf6 2. c4 e6 3. Nf3 d5 4. Nc3 Nbd7 5. cxd5 exd5 6. Bf4 c6 7. h3 Ne4 8.
Nxe4 dxe4 9. Nd2 Nf6 10. e3 Nd5 11. Be5 f6 12. Bg3 f5 13. Be2 Be7 14. O-O O-O
15. Nc4 Be6 16. a3 f4 17. exf4 Nxf4 18. Re1 Bd5 19. Ne3 Nxe2+ 20. Qxe2 Bf6 21.
Nxd5 cxd5 22. Qb5 Rf7 23. Rac1 Bxd4 24. Rcd1 Qf6 25. Qxd5 Bxf2+ 26. Bxf2 Qxf2+
27. Kh1 e3 28. Qe6 Rf8 1/2-1/2

[Event "Netanya Open 2019"]
[Site "Netanya ISR"]
[Date "2019.06.27"]
[Round "5.7"]
[White "Roiz, Michael"]
[Black "Grinberg, Eyal"]
[Result "1-0"]
[WhiteTitle "GM"]
[BlackTitle "IM"]
[WhiteElo "2603"]
[BlackElo "2474"]
[WhiteFideId "2804158"]
[BlackFideId "2806070"]
[EventDate "2019.06.23"]

1. Nf3 d5 2. g3 Bg4 3. Bg2 Nd7 4. h3 Bh5 5. d4 e6 6. c4 c6 7. O-O Ngf6 8. Qb3
Qb6 9. Nc3 Be7 10. Nh4 O-O 11. g4 Bg6 12. Nxg6 hxg6 13. Rd1 Qa6 14. cxd5 exd5
15. g5 Ne8 16. e4 dxe4 17. Bxe4 Kh8 18. d5 Nc5 19. Qb4 Bd6 20. Bg2 cxd5 21. Nxd5
Ne6 22. Qh4+ Kg8 23. Be3 N8c7 24. Nb4 Bxb4 25. Qxb4 Rad8 26. Rxd8 Nxd8 27. Rc1
Nc6 28. Qc4 Qa5 29. b4 Qf5 30. Qc5 Qd3 31. Qc4 Qf5 32. Qc5 Qd3 33. Qc2 Qd8 34.
Rd1 Qc8 35. a3 Re8 36. Rd2 Qe6 37. Qc5 Qb3 38. Bxc6 bxc6 39. Qxc6 Re7 40. Qc5
Qb1+ 41. Kh2 Qe4 42. Rd4 Qe6 43. Qd6 f5 44. gxf6 gxf6 45. Qxe6+ Nxe6 46. Rd6 f5
47. Bxa7 Rxa7 48. Rxe6 Rxa3 49. Rxg6+ Kf7 50. Rg3 Ra2 51. Rb3 Ke7 52. b5 Kd7 53.
b6 Kc8 54. b7+ Kb8 55. Kg3 1-0

[Event "Netanya Open 2019"]
[Site "Netanya ISR"]
[Date "2019.06.27"]
[Round "5.16"]
[White "Moiseenko, Alexander"]
[Black "Parligras, Cosmin"]
[Result "1-0"]
[WhiteTitle "GM"]
[WhiteElo "2642"]
[BlackElo "2198"]
[WhiteFideId "14102560"]
[BlackFideId "1206494"]
[EventDate "2019.06.23"]

1. d4 Nf6 2. Bg5 d5 3. e3 Ne4 4. Bf4 e6 5. Bd3 Bd6 6. Ne2 Nf6 7. c4 a6 8. cxd5
exd5 9. Nbc3 Bxf4 10. Nxf4 Nc6 11. Qf3 Ne7 12. h3 c6 13. g4 Ng6 14. O-O-O Qc7
15. g5 Ng8 16. Nh5 Kf8 17. h4 N8e7 18. Ng3 h5 19. Nxh5 Be6 20. Nxg7 Kxg7 21. h5
Nf4 22. h6+ 1-0

[Event "Netanya Open 2019"]
[Site "Netanya ISR"]
[Date "2019.06.27"]
[Round "5.31"]
[White "Nissim, Yonatan"]
[Black "Rozen, Eytan"]
[Result "0-1"]
[BlackTitle "FM"]
[WhiteElo "2082"]
[BlackElo "2317"]
[WhiteFideId "2818361"]
[BlackFideId "2816750"]
[EventDate "2019.06.23"]

1. d4 Nf6 2. c4 e6 3. Nc3 Bb4 4. Qc2 d5 5. cxd5 exd5 6. Bg5 c5 7. dxc5 h6 8. Bh4
g5 9. Bg3 Ne4 10. e3 Qa5 11. Ne2 Bf5 12. Be5 O-O 13. Nd4 Re8 14. Nxf5 Rxe5 15.
Nxh6+ Kg7 16. Ng4 Re7 17. Rc1 d4 18. a3 Bxc5 19. b4 Qxa3 20. bxc5 Qxc3+ 21. Qxc3
Nxc3 22. Bd3 Nd7 23. O-O Nxc5 24. Bc4 N5a4 25. exd4 Rc8 26. Bd3 Nb2 27. Bb5 Rec7
28. Rc2 Nxb5 29. Rxb2 Nxd4 30. f4 gxf4 31. Rxf4 Rc1+ 32. Kf2 Ne6 33. Re4 Nc5 34.
Re3 a5 35. h4 f5 36. Ne5 f4 37. Rf3 Ne4+ 38. Ke2 Nc3+ 39. Kd2 Ne4+ 40. Kd3 Nc5+
41. Kd2 Rg1 42. Rb5 Rxg2+ 43. Kd1 Rd8+ 44. Kc1 Rd5 0-1

[Event "Netanya Open 2019"]
[Site "Netanya ISR"]
[Date "2019.06.27"]
[Round "5.33"]
[White "Ben Ari, Yannay"]
[Black "Aharon, Ofir"]
[Result "0-1"]
[BlackTitle "FM"]
[WhiteElo "2053"]
[BlackElo "2302"]
[WhiteFideId "2815222"]
[BlackFideId "2800683"]
[EventDate "2019.06.23"]

1. e4 c5 2. Nf3 Nc6 3. d4 cxd4 4. Nxd4 g6 5. Nc3 Bg7 6. Be3 Nf6 7. Bc4 O-O 8.
Bb3 d6 9. f3 Bd7 10. Qd2 Rc8 11. O-O-O Ne5 12. Kb1 Nc4 13. Bxc4 Rxc4 14. g4 b5
15. h4 b4 16. Nd5 e6 17. Nxf6+ Qxf6 18. b3 Rc7 19. Bf4 Rfc8 20. e5 Qd8 21. Bg5
Qf8 22. exd6 Qxd6 23. Nf5 Qxd2 24. Ne7+ Kf8 25. Rxd2 Re8 26. h5 Rxe7 27. hxg6
hxg6 28. Bxe7+ Kxe7 29. f4 Bc6 30. Rh7 Bc3 31. Rd1 Bf3 32. Rg1 Rd7 0-1

[Event "Netanya Open 2019"]
[Site "Netanya ISR"]
[Date "2019.06.27"]
[Round "5.36"]
[White "Tifferet, Shaked"]
[Black "Gov, Guy"]
[Result "1/2-1/2"]
[WhiteTitle "FM"]
[WhiteElo "2249"]
[BlackElo "2024"]
[WhiteFideId "2811529"]
[BlackFideId "2820200"]
[EventDate "2019.06.23"]

1. e4 e6 2. d4 d5 3. Nd2 dxe4 4. Nxe4 Nf6 5. Nxf6+ gxf6 6. g3 Qd5 7. Nf3 Nc6 8.
Bg2 Qe4+ 9. Qe2 Qxe2+ 10. Kxe2 e5 11. c3 Be6 12. Be3 Bc4+ 13. Kd1 O-O-O 14. Kc2
Bd5 15. Rhd1 Be4+ 16. Kc1 exd4 17. cxd4 Nb4 18. Ne1 Bxg2 19. Nxg2 Nd5 20. Nf4
Bg7 21. Nh5 Nxe3 22. fxe3 Bh6 23. Nf4 Bxf4 24. gxf4 Rhg8 25. Kc2 Rg2+ 26. Rd2
Rdg8 27. Rd1 f5 28. Kd3 Kd7 29. e4 fxe4+ 30. Kxe4 Re8+ 31. Kf3 Rg6 32. f5 Rg5
33. Kf4 f6 34. Rd3 Kd6 35. Rb3 Re2 36. Rf1 Rxh2 37. Rxb7 Rh4+ 38. Ke3 Rgg4 39.
Rc1 Rh3+ 40. Kf2 c6 41. Re1 Rxd4 42. Re6+ Kd5 43. Rd7+ Kc5 44. Rxd4 Kxd4 45.
Rxf6 Rh2+ 46. Kg3 Rxb2 47. Rxc6 Kd5 48. f6 Rb8 49. Ra6 Rf8 50. Rxa7 Rxf6 51.
Rxh7 Ra6 52. Rh5+ Kd4 53. a4 Kc4 54. Kf3 Rxa4 1/2-1/2

[Event "Netanya Open 2019"]
[Site "Netanya ISR"]
[Date "2019.06.28"]
[Round "6.1"]
[White "Efimenko, Zahar"]
[Black "Antipov, Mikhail Al."]
[Result "1/2-1/2"]
[WhiteTitle "GM"]
[BlackTitle "GM"]
[WhiteElo "2632"]
[BlackElo "2582"]
[WhiteFideId "14107201"]
[BlackFideId "4107012"]
[EventDate "2019.06.23"]

1. Nf3 c5 2. c4 g6 3. d4 cxd4 4. Nxd4 Nc6 5. e4 d6 6. Nc3 Nf6 7. Nc2 Bg7 8. Be2
O-O 9. O-O Nd7 10. Bd2 Nc5 11. f3 Be6 12. Rb1 a5 13. Nd5 f5 14. exf5 Bxf5 15.
Nde3 Be6 16. Qe1 Qb6 17. Kh1 Rf7 18. Bc3 Nb4 19. Bxg7 Rxg7 20. Nd4 Bf7 21. a3
Nc6 22. Nxc6 bxc6 23. b4 axb4 24. axb4 Ne6 25. Ng4 c5 26. Nh6+ Kh8 27. Bd3 Nd4
28. bxc5 Qxc5 29. Qxe7 Bxc4 30. Qe3 Nf5 31. Qxc5 dxc5 32. Bxc4 Nxh6 33. g4 Nf7
34. Rb5 Nd6 35. Rxc5 Nxc4 36. Rxc4 Ra2 37. Rc8+ Rg8 38. Rxg8+ Kxg8 39. Kg1 Kf7
40. Rf2 Ra5 41. Kg2 h5 42. h3 hxg4 43. hxg4 g5 44. Rd2 Ra6 45. Kf2 Re6 46. Re2
Rf6 47. Re5 Kg6 48. Ke3 Rf8 49. Re6+ Kg7 50. Rd6 Rf7 51. Re6 1/2-1/2

[Event "Netanya Open 2019"]
[Site "Netanya ISR"]
[Date "2019.06.28"]
[Round "6.5"]
[White "Rechlis, Gad"]
[Black "Korobov, Anton"]
[Result "1/2-1/2"]
[WhiteTitle "GM"]
[BlackTitle "GM"]
[WhiteElo "2506"]
[BlackElo "2687"]
[WhiteFideId "2800047"]
[BlackFideId "14105730"]
[EventDate "2019.06.23"]

1. g3 d5 2. Bg2 c6 3. d3 Nf6 4. Nd2 e5 5. e4 Nbd7 6. Ngf3 Bd6 7. O-O O-O 8. exd5
cxd5 9. b3 h6 10. Bb2 Re8 11. Re1 Rb8 12. d4 e4 13. Ne5 Nxe5 14. dxe5 Bg4 15. f3
Bc5+ 16. Kh1 exf3 17. Bxf3 Bxf3+ 18. Qxf3 Nh7 19. Rad1 Ng5 20. Qg2 Qc7 21. h4
Ne6 22. Nf3 Rbd8 23. Rd3 Rd7 24. Red1 Red8 25. Kh2 b5 26. c3 a5 27. Bc1 b4 28.
Bd2 d4 29. cxd4 Bxd4 30. Nxd4 Rxd4 31. Rxd4 Rxd4 32. Re1 Rd3 33. Qa8+ Rd8 34.
Qg2 h5 35. Bg5 Nxg5 36. hxg5 Qe7 37. g6 fxg6 38. e6 Kh7 39. Re2 Rd3 40. Qe4 Qd6
41. Qe5 Qe7 42. Rf2 Qd6 43. Re2 Qe7 44. Rf2 Qd6 45. Qxd6 Rxd6 46. Re2 Rd8 47.
Re5 Kh6 48. g4 g5 49. e7 Re8 50. Re6+ g6 51. gxh5 Kxh5 52. Kg3 Kh6 53. Kg4 Kg7
54. Kxg5 Kf7 55. Rf6+ Kxe7 56. Ra6 Kf7 57. Rxa5 Re7 1/2-1/2

[Event "Netanya Open 2019"]
[Site "Netanya ISR"]
[Date "2019.06.28"]
[Round "6.6"]
[White "Kuzubov, Yuriy"]
[Black "Veinberg, Nimrod"]
[Result "1/2-1/2"]
[WhiteTitle "GM"]
[BlackTitle "IM"]
[WhiteElo "2671"]
[BlackElo "2401"]
[WhiteFideId "14112906"]
[BlackFideId "2810280"]
[EventDate "2019.06.23"]

1. d4 Nf6 2. c4 e6 3. g3 d5 4. Nf3 Be7 5. Bg2 O-O 6. O-O dxc4 7. Qc2 a6 8. a4 c5
9. dxc5 Bxc5 10. Qxc4 b6 11. Ne5 Ra7 12. Nd3 Be7 13. Bf4 Bb7 14. Bxb7 Rxb7 15.
Rc1 b5 16. axb5 axb5 17. Qa2 Nd5 18. Nd2 Nd7 19. Nf3 Nb4 20. Nxb4 Bxb4 21. Qb3
Qe7 22. Nd4 Bc5 23. Nc6 Qf6 24. Ra6 h6 25. Kg2 g5 26. Be3 Bxe3 27. Qxe3 Qxb2 28.
Nd4 Nf6 29. Rc2 Qb4 30. Qf3 Qxd4 31. Qxb7 Nd5 32. Rc1 Qd2 33. Rb1 Qxe2 34. Raa1
Qe4+ 35. Kg1 b4 36. Re1 Qf3 37. Ra7 h5 38. Qb5 Rc8 39. Qe2 Qxe2 40. Rxe2 Rc1+
41. Kg2 Rc5 42. Rb7 Kf8 43. Re5 h4 44. Rxb4 hxg3 45. Rb8+ Ke7 46. hxg3 Kf6 47.
Re2 Ne7 48. Reb2 Ng6 49. R8b5 Rc7 50. R2b3 Ne5 51. Re3 Ng4 52. Re4 Nh6 53. g4
Rc8 54. Kg3 Rg8 55. Re3 Rg7 56. Kf3 Ng8 57. Rb8 Kg6 58. Re5 Nf6 59. Rh8 Nd5 60.
Re1 Kf6 61. Ra1 Rg6 62. Raa8 Kg7 63. Ke2 Nf6 64. f3 Rh6 65. Rxh6 Kxh6 66. Kd3
Kg7 67. Kd4 Nd5 68. Ra5 Kf6 69. Ra8 Nf4 70. Kc5 Nd3+ 71. Kd6 Ne5 72. Ra2 Ng6 73.
Kd7 Ne5+ 74. Ke8 Kg6 75. Ra3 Kg7 76. Re3 Ng6 77. Kd7 Kf6 78. Kd8 Ne5 79. Ke8 Ng6
80. Ra3 Kg7 81. Ra5 Kf6 82. Ra7 Ne5 83. Kf8 Kg6 84. Ra3 Kf6 85. Kg8 Kg6 86. Re3
Nd7 87. Re1 Nf6+ 88. Kh8 Nd7 89. Re2 Kf6 90. Kh7 Ne5 91. Kh6 Ng6 92. Re4 Nf4 93.
Ra4 Ng6 94. Ra5 Nh4 95. Ra3 Ng6 96. Ra1 Nh4 97. Rf1 Ng6 98. Rh1 Ne5 99. Rh3 Ng6
100. Kh7 Ne5 101. Rh1 Ng6 102. Rh3 Ne5 103. Rh2 Ng6 104. Rh5 Ke5 105. Rxg5+ Kf4
106. Ra5 Kxf3 107. g5 e5 108. Ra7 Kg4 109. Kh6 Nh4 110. Rxf7 e4 111. Ra7 Kf3
112. Ra4 Nf5+ 113. Kg6 Ng3 114. Kf7 e3 115. g6 e2 116. g7 Nf5 117. Ra1 Nxg7 118.
Kxg7 1/2-1/2

[Event "Netanya Open 2019"]
[Site "Netanya ISR"]
[Date "2019.06.28"]
[Round "6.7"]
[White "Shubin, Kirill"]
[Black "Moiseenko, Alexander"]
[Result "0-1"]
[WhiteTitle "FM"]
[BlackTitle "GM"]
[WhiteElo "2426"]
[BlackElo "2642"]
[WhiteFideId "34119962"]
[BlackFideId "14102560"]
[EventDate "2019.06.23"]

1. e4 c5 2. Nf3 Nc6 3. Bb5 e6 4. b3 Nge7 5. Bb2 Ng6 6. O-O a6 7. Bxc6 bxc6 8. d4
f6 9. Ba3 d5 10. Bxc5 dxe4 11. Nfd2 Bxc5 12. dxc5 Qd4 13. c3 Qxc5 14. Nxe4 Qd5
15. Re1 O-O 16. c4 Qe5 17. Nbd2 Rd8 18. Qc2 c5 19. Nf3 Qc7 20. Qc3 Bb7 21. Qe3
Rac8 22. Rad1 e5 23. Rxd8+ Qxd8 24. Nc3 Nf4 25. Rd1 Qa5 26. Na4 Ne6 27. h4 Nd4
28. Nxd4 cxd4 29. Qh3 Qc7 30. Qe6+ Qf7 31. Qxf7+ Kxf7 32. f3 Bc6 33. Nb2 Ke6 34.
Kf2 h5 35. Nd3 Be8 36. Re1 a5 37. Ke2 Bg6 38. Kd2 Kd6 39. Rc1 Bf5 40. Nb2 Rg8
41. c5+ Kd5 42. f4 e4 43. c6 g5 44. fxg5 fxg5 45. Na4 e3+ 46. Ke1 gxh4 47. Rc5+
Ke4 48. c7 h3 0-1

[Event "Netanya Open 2019"]
[Site "Netanya ISR"]
[Date "2019.06.28"]
[Round "6.8"]
[White "Parligras, Mircea-Emilian"]
[Black "Gorshtein, Ido"]
[Result "1-0"]
[WhiteTitle "GM"]
[BlackTitle "FM"]
[WhiteElo "2638"]
[BlackElo "2367"]
[WhiteFideId "1204297"]
[BlackFideId "2815532"]
[EventDate "2019.06.23"]

1. Nf3 Nf6 2. c4 e6 3. Nc3 Bb4 4. Qc2 O-O 5. a3 Bxc3 6. Qxc3 d6 7. b4 b6 8. Bb2
Bb7 9. g3 c5 10. Bg2 Nbd7 11. O-O Rc8 12. Rac1 d5 13. cxd5 Bxd5 14. d3 cxb4 15.
Qxb4 Nc5 16. Rc2 a5 17. Qh4 Nfd7 18. Qd4 f6 19. Qh4 Qe7 20. Rfc1 Rcd8 21. Nd2
Bxg2 22. Kxg2 Kh8 23. Qc4 e5 24. Qb5 Rb8 25. a4 Qf7 26. Ba3 f5 27. Qc4 Qh5 28.
Qd5 e4 29. Nxe4 Rfd8 30. Nd6 Nf6 31. Qc6 Ne6 32. Qc4 Ng5 33. Qh4 1-0

[Event "Netanya Open 2019"]
[Site "Netanya ISR"]
[Date "2019.06.30"]
[Round "7.2"]
[White "Zubov, Alexander"]
[Black "Efimenko, Zahar"]
[Result "1/2-1/2"]
[WhiteTitle "GM"]
[BlackTitle "GM"]
[WhiteElo "2597"]
[BlackElo "2632"]
[WhiteFideId "14109409"]
[BlackFideId "14107201"]
[EventDate "2019.06.23"]

1. e4 e5 2. Bc4 Nc6 3. d3 Nf6 4. Nc3 Na5 5. Nge2 Be7 6. a4 Nxc4 7. dxc4 d6 8. b3
O-O 9. O-O Be6 10. Ng3 c6 11. Ba3 1/2-1/2

[Event "Netanya Open 2019"]
[Site "Netanya ISR"]
[Date "2019.06.30"]
[Round "7.4"]
[White "Zoler, Dan"]
[Black "Parligras, Mircea-Emilian"]
[Result "1/2-1/2"]
[WhiteTitle "GM"]
[BlackTitle "GM"]
[WhiteElo "2499"]
[BlackElo "2638"]
[WhiteFideId "2800705"]
[BlackFideId "1204297"]
[EventDate "2019.06.23"]

1. d4 Nf6 2. c4 e6 3. Nf3 d5 4. g3 Bb4+ 5. Bd2 Bd6 6. Nc3 Nbd7 7. Qc2 O-O 8. c5
Be7 9. Bg2 c6 10. O-O Re8 11. b4 a5 12. b5 e5 13. dxe5 Ng4 14. e4 d4 15. Nxd4
Bxc5 16. Nce2 cxb5 17. h3 Ngxe5 18. Nxb5 b6 19. a4 Bb7 20. Rad1 Rc8 21. Qb1 Qe7
22. Bc3 Ng6 23. Ned4 Nde5 24. Nf5 Qf8 25. Kh2 f6 26. f4 Nf7 27. Rd7 Bc6 28. Ra7
Bxb5 29. Qxb5 Ne7 30. Qb3 Nxf5 31. exf5 Re7 32. Rxe7 Qxe7 33. Re1 Qc7 34. Qe6
Kf8 35. Bd5 Rd8 36. Bc4 Qd7 37. Bb5 Qc8 38. Re2 Nd6 39. Qe7+ Kg8 40. Rd2 Nf7 41.
Rxd8+ Qxd8 42. Qe6 Kf8 43. Bc4 Qe7 44. Qd5 Ke8 45. Qa8+ Nd8 46. Bb5+ Kf8 47. Kg2
Qb7+ 48. Qxb7 Nxb7 49. Kf3 Nd6 50. Bd3 h5 51. g4 hxg4+ 52. hxg4 Ke7 53. g5 Kf7
54. Kg4 Be3 55. Bb2 Ke7 56. Kf3 Bc5 57. Bc1 Bd4 58. Kg4 Kf7 59. Kh5 Bc5 60. Bd2
Bb4 61. Bc1 Bc5 62. Bd2 Bb4 63. Be3 Bc5 64. Bc1 Bb4 65. Bb2 Bc5 66. Bc2 b5 67.
Bb3+ Kf8 68. Kg6 bxa4 69. Bxa4 Be3 70. gxf6 gxf6 71. Kxf6 Bxf4 72. Ba3 Kg8 73.
Kg6 Be5 74. Bb3+ Kf8 75. f6 Ke8 76. Ba4+ Kd8 77. Bc1 Kc7 78. Bd2 Kb6 79. Be3+
Kb7 80. Bg1 Kc7 81. f7 Nxf7 1/2-1/2

[Event "Netanya Open 2019"]
[Site "Netanya ISR"]
[Date "2019.06.30"]
[Round "7.10"]
[White "Korobov, Anton"]
[Black "Abergel, Thal"]
[Result "1-0"]
[WhiteTitle "GM"]
[BlackTitle "GM"]
[WhiteElo "2687"]
[BlackElo "2450"]
[WhiteFideId "14105730"]
[BlackFideId "614890"]
[EventDate "2019.06.23"]

1. c4 c6 2. d4 d5 3. Nf3 Nf6 4. Nc3 a6 5. Qc2 e6 6. e3 Nbd7 7. b3 c5 8. cxd5
exd5 9. Be2 cxd4 10. Nxd4 Ne5 11. O-O Bd6 12. Nf5 O-O 13. Nxd6 Qxd6 14. Rd1 Be6
15. h3 Rfd8 16. Bb2 Rac8 17. Rac1 Nc6 18. Bf1 Qf8 19. Qe2 b5 20. Qf3 d4 21. Ne4
Nxe4 22. Qxe4 Bd5 23. Qf4 dxe3 24. Qxe3 Be6 25. Qb6 Rxd1 26. Rxd1 Nb4 27. a3
Bxb3 28. Rd2 Nd5 29. Qxa6 b4 30. a4 Ra8 31. Qb7 Nc3 32. a5 Rxa5 33. Rd4 Nd5 34.
Rg4 f6 35. Bd3 Ra2 36. Bd4 Ra5 37. Rh4 h6 38. Rxh6 Qa8 1-0